Biblioteki Polonii Amerykańskiej
Biblioteka Instytutu Józefa Piłsudskiego w Ameryce
Library of the Józef Piłsudski Institute of America
Biblioteka imienia Alfreda Jurzykowskiego Polskiego Instytutu Naukowego w Ameryce
The Alfred Jurzykowski Memorial Library of the Polish Institute of Arts & Sciences of America
Biblioteka Marjanczyków Polskiej Fundacji Kulturalnej
The Marjanczyk Library of the Polish Cultural Foundation

Biblioteka Fundacji Kościuszkowskiej
Library of the Kosciuszko Foundation

Brunatna pajęczyna : (Record no. 91096)

MARC details
000 -LEADER
fixed length control field 02177nam a2200565 i 4500
001 - CONTROL NUMBER
control field 991053129450405066
003 - CONTROL NUMBER IDENTIFIER
control field NyNyJPI
005 - DATE AND TIME OF LATEST TRANSACTION
control field 20260413141840.0
008 - FIXED-LENGTH DATA ELEMENTS--GENERAL INFORMATION
fixed length control field 241219s2024 pl cdhp |001 0 pol c
009 - PHYSICAL DESCRIPTION FIXED-FIELD FOR ARCHIVAL COLLECTION (VM) [OBSOLETE]
fixed length control field b1000005990012
015 ## - NATIONAL BIBLIOGRAPHY NUMBER
National bibliography number UWD 2024/40895
020 ## - INTERNATIONAL STANDARD BOOK NUMBER
International Standard Book Number 9788324241064
Qualifying information (oprawa miękka) :
Terms of availability zł 44
020 ## - INTERNATIONAL STANDARD BOOK NUMBER
Canceled/invalid ISBN 9788324268221
Qualifying information (e-book)
035 ## - SYSTEM CONTROL NUMBER
System control number (PL)b1000005990012
035 ## - SYSTEM CONTROL NUMBER
System control number (EXLNZ-48OMNIS_NETWORK)9914572366405606
040 ## - CATALOGING SOURCE
Original cataloging agency KR U
Transcribing agency KR U
Modifying agency KR U
-- WA N
-- KR U
-- WA N
-- GD U
-- LUBL KUL
-- WR M
-- WA U
045 2# - TIME PERIOD OF CONTENT
Formatted 9999 B.C. through C.E. time period d1939
-- d1945
046 ## - SPECIAL CODED DATES
Beginning or single date created 2024
080 ## - UNIVERSAL DECIMAL CLASSIFICATION NUMBER
Universal Decimal Classification number 94(438).082.2
084 ## - OTHER CLASSIFICATION NUMBER
Classification number 01
100 1# - MAIN ENTRY--PERSONAL NAME
Personal name Jarkowska, Alicja
Relator term Autor
245 10 - TITLE STATEMENT
Title Brunatna pajęczyna :
Remainder of title agenci Gestapo w okupowanym Krakowie i ich powojenne losy /
Statement of responsibility, etc. Alicja Jarkowska.
246 30 - VARYING FORM OF TITLE
Title proper/short title Agenci Gestapo w okupowanym Krakowie i ich powojenne losy
260 ## - PUBLICATION, DISTRIBUTION, ETC.
Place of publication, distribution, etc. Kraków :
Name of publisher, distributor, etc. Universitas,
Date of publication, distribution, etc. copyright 2024.
300 ## - PHYSICAL DESCRIPTION
Extent 310, [2] strony :
Other physical details faksymilia, fotografie, plany, portrety ;
Dimensions 24 cm.
336 ## - CONTENT TYPE
Content type term Tekst
Content type code txt
Source rdacontent
337 ## - MEDIA TYPE
Media type term Bez urządzenia pośredniczącego
Media type code n
Source rdamedia
338 ## - CARRIER TYPE
Carrier type term Wolumin
Carrier type code nc
Source rdacarrier
380 ## - FORM OF WORK
Form of work Książki
380 ## - FORM OF WORK
Form of work Publikacje naukowe
388 1# - TIME PERIOD OF CREATION
Time period of creation term 2001-
504 ## - BIBLIOGRAPHY, ETC. NOTE
Bibliography, etc. note Bibliografia, netografia, wykaz aktów prawnych na stronach 287-298. Indeks.
536 ## - FUNDING INFORMATION NOTE
Text of note Współfinansowanie: Wydział Historyczny (Uniwersytet Jagielloński)
610 27 - SUBJECT ADDED ENTRY--CORPORATE NAME
Corporate name or jurisdiction name as entry element Gestapo
Source of heading or term DBN
610 20 - SUBJECT ADDED ENTRY--CORPORATE NAME
Corporate name or jurisdiction name as entry element Germany.
Subordinate unit Geheime Staatspolizei
General subdivision History.
648 #7 - SUBJECT ADDED ENTRY--CHRONOLOGICAL TERM
Chronological term 1901-2000
Source of heading or term DBN
648 #7 - SUBJECT ADDED ENTRY--CHRONOLOGICAL TERM
Chronological term 1939-1945
Source of heading or term DBN
650 #7 - SUBJECT ADDED ENTRY--TOPICAL TERM
Topical term or geographic name entry element Okupacja niemiecka Polski (1939-1945)
Source of heading or term DBN
650 #7 - SUBJECT ADDED ENTRY--TOPICAL TERM
Topical term or geographic name entry element Tajni współpracownicy służb specjalnych
Source of heading or term DBN
650 #0 - SUBJECT ADDED ENTRY--TOPICAL TERM
Topical term or geographic name entry element World War, 1939-1945
General subdivision Collaborationists
Geographic subdivision Poland
-- Kraków.
650 #0 - SUBJECT ADDED ENTRY--TOPICAL TERM
Topical term or geographic name entry element World War, 1939-1945
General subdivision Atrocities
Geographic subdivision Poland
-- Kraków.
650 #0 - SUBJECT ADDED ENTRY--TOPICAL TERM
Topical term or geographic name entry element Secret service
Geographic subdivision Germany
General subdivision History
Chronological subdivision 20th century.
651 #7 - SUBJECT ADDED ENTRY--GEOGRAPHIC NAME
Geographic name Generalne Gubernatorstwo (1939-1945)
Source of heading or term DBN
651 #7 - SUBJECT ADDED ENTRY--GEOGRAPHIC NAME
Geographic name Kraków (woj. małopolskie)
Source of heading or term DBN
651 #7 - SUBJECT ADDED ENTRY--GEOGRAPHIC NAME
Geographic name Niemcy
Source of heading or term DBN
655 #7 - INDEX TERM--GENRE/FORM
Genre/form data or focus term Monografia
Source of term DBN
658 ## - INDEX TERM--CURRICULUM OBJECTIVE
Main curriculum objective Historia
710 2# - ADDED ENTRY--CORPORATE NAME
Corporate name or jurisdiction name as entry element Towarzystwo Autorów i Wydawców Prac Naukowych Universitas
Relator term Wydawca
Relationship pbl
942 ## - ADDED ENTRY ELEMENTS (KOHA)
Source of classification or shelving scheme Other/Generic Classification Scheme
Koha item type Books
Suppress in OPAC No
Holdings
Withdrawn status Lost status Source of classification or shelving scheme Damaged status Not for loan Home library Current library Date acquired Total checkouts Full call number Date last seen Price effective from Koha item type
    Other/Generic Classification Scheme   Not for loan Józef Piłsudski Institute Józef Piłsudski Institute 04/13/2026   K 1833 04/13/2026 04/13/2026 Books